000 00960cab a2200277 4500
001 ABS42824
008 090401t1990 xxu||||| |||| 00| 0 eng d
035 _a(Sirsi) u38979
041 _aeng
100 _aKnowles, R.
245 _aFinding the fatal flaw
260 _c1990
350 _a0
490 _aChartered Quantity Surveyor
_v12(10) June 1990, 23-24(2)
520 _aExamines two recent cases Beaufort House Development Ltd v Zimmcor (International) Ltd (See Abstract 42619) and Rosehaugh Stanhope (Broadgate Phase 6) Plc and another v Redpath Dorman Long Ltd which have cast doubt on the construction management method.
650 _aBUILT ENVIRONMENT-BUILDING CONTRACT FORMS
650 _aCLAIMS
650 _aCOMPLETION
650 _aEXTENSION OF TIME
650 _aFAST TRACK
650 _aNON-STANDARD FORM
650 _aPROGRAMME
690 _aBUILT ENVIRONMENT-BUILDING CONTRACT FORMS
942 _n0
948 _c04/03/1997
999 _c24989
_d24989